[Event "Veneto-ch qf 78th"]
[Site "Padova"]
[Date "2019.02.16"]
[Round "2.31"]
[White "Grattarola, Fabio"]
[Black "Marchioro, Michele"]
[Result "1-0"]
[WhiteElo "2004"]
[BlackElo "1449"]
[PlyCount "89"]
[EventDate "2019.02.15"]
[EventType "swiss"]
[EventRounds "5"]
[EventCountry "ITA"]
[SourceTitle "EXT 2024"]
[Source "ChessBase"]
[SourceDate "2023.10.10"]
[SourceVersion "1"]
[SourceVersionDate "2023.10.10"]
[SourceQuality "1"]

1. d4 Nf6 2. Nf3 g6 3. Nc3 Bg7 4. e4 d6 5. h3 0-0 6. Bd3 c5 7. e5 dxe5 8. dxe5 Nd5 9. Bd2 Nc6 10. Qe2 a6 11. 0-0 Ndb4 12. Be4 Nxe5 13. Nxe5 Bxe5 14. a3 Nc6 15. Bxc6 bxc6 16. Qxe5 Qxd2 17. Rac1 Qd6 18. Qe3 c4 19. Rcd1 Qf6 20. Rfe1 Be6 21. Rd4 Rfe8 22. Ne4 Qf5 23. g4 Qe5 24. c3 Kg7 25. f4 Qb5 26. Rd2 Rad8 27. Red1 Rd3 28. Rxd3 cxd3 29. b4 Bc4 30. Nc5 Kg8 31. Qd4 Bd5 32. Rxd3 Qc4 33. Qxc4 Bxc4 34. Rd4 Ba2 35. a4 e5 36. Re4 f6 37. fxe5 Bd5 38. Re3 fxe5 39. Nxa6 Kf7 40. Nc5 e4 41. Kf2 Re7 42. Re1 Ke8 43. Ke3 Kd8 44. Kd4 Rf7 45. c4 1-0

[Event "Robecchetto op 22nd"]
[Site "Robecchetto"]
[Date "2011.12.30"]
[Round "6"]
[White "Angelini, Marco"]
[Black "Grattarola, Fabio"]
[Result "1-0"]
[WhiteElo "2173"]
[BlackElo "2037"]
[PlyCount "59"]
[EventDate "2011.12.27"]
[EventType "swiss"]
[EventRounds "6"]
[EventCountry "ITA"]
[SourceTitle "EXT 2014"]
[Source "ChessBase"]
[SourceDate "2013.11.20"]
[SourceVersion "1"]
[SourceVersionDate "2013.11.20"]
[SourceQuality "1"]

1. e4 d5 2. exd5 Qxd5 3. Nc3 Qa5 4. d4 c6 5. Bd2 Bf5 6. Bc4 e6 7. Nf3 Nd7 8. Qe2 Ngf6 9. 0-0-0 Qc7 10. Ne5 Nxe5 11. dxe5 Nd7 12. g4 Bg6 13. f4 0-0-0 14. Rhf1 h5 15. f5 exf5 16. gxf5 Bh7 17. Bxf7 Qxe5 18. Qxe5 Nxe5 19. Be6+ Kc7 20. Bf4 Rxd1+ 21. Rxd1 Bd6 22. Rxd6 Kxd6 23. Ne4+ Ke7 24. Bxe5 Re8 25. Bxg7 Bg8 26. Bf6+ Kf8 27. Ng5 Ra8 28. Kd2 a5 29. Bxg8 Kxg8 30. Be7 1-0

[Event "Robecchetto op 22nd"]
[Site "Robecchetto"]
[Date "2011.12.29"]
[Round "5"]
[White "Grattarola, Fabio"]
[Black "Medici, Simone"]
[Result "1/2-1/2"]
[WhiteElo "2037"]
[BlackElo "2090"]
[PlyCount "108"]
[EventDate "2011.12.27"]
[EventType "swiss"]
[EventRounds "6"]
[EventCountry "ITA"]
[SourceTitle "EXT 2014"]
[Source "ChessBase"]
[SourceDate "2013.11.20"]
[SourceVersion "1"]
[SourceVersionDate "2013.11.20"]
[SourceQuality "1"]

1. d4 Nf6 2. Nf3 d5 3. Bf4 g6 4. e3 Bg7 5. Be2 0-0 6. h3 Nbd7 7. 0-0 b6 8. Nbd2 c5 9. c3 Bb7 10. a4 Nh5 11. Bh2 Nhf6 12. a5 c4 13. b4 b5 14. Ne5 a6 15. f4 Ne4 16. Nxe4 dxe4 17. Nxd7 Qxd7 18. Qe1 Qd5 19. Qg3 f6 20. h4 Rae8 21. h5 g5 22. fxg5 Qxg5 23. Qxg5 fxg5 24. Rxf8+ Rxf8 25. Bg4 Bc8 26. Bxc8 Rxc8 27. Rf1 Rf8 28. Rxf8+ Kxf8 29. Kf2 Kf7 30. Bc7 Ke6 31. Kg3 Kf5 32. Bb8 g4 33. Bf4 e6 34. Kf2 Bf8 35. Ke2 g3 36. Bxg3 Kg4 37. Bf4 Kxh5 38. Kf2 Kg4 39. Ke2 Be7 40. Kf2 h5 41. Ke2 Bh4 42. Kf1 Bg3 43. Bh6 Bh4 44. Bf8 Bg5 45. Kf2 Bh4+ 46. Kf1 Bg3 47. Ke2 Bc7 48. Kf2 h4 49. Be7 Bg3+ 50. Ke2 Kf5 51. Kf1 Kg6 52. Ke2 Kf7 53. Bg5 Kg6 54. Be7 Kf7 1/2-1/2

[Event "Asti Alfieri Memorial 2nd"]
[Site "Asti"]
[Date "2007.03.25"]
[Round "6"]
[White "Davi, Alessandro"]
[Black "Grattarola, Fabio"]
[Result "0-1"]
[WhiteElo "1677"]
[BlackElo "2133"]
[PlyCount "62"]
[EventDate "2007.03.22"]
[EventType "swiss"]
[EventRounds "6"]
[EventCountry "ITA"]
[SourceTitle "EXT 2010"]
[Source "ChessBase"]
[SourceDate "2010.11.25"]
[SourceVersion "1"]
[SourceVersionDate "2010.11.25"]
[SourceQuality "1"]

1. d4 Nf6 2. c4 g6 3. Nc3 Bg7 4. e4 d6 5. Nf3 0-0 6. Be2 c5 7. 0-0 cxd4 8. Nxd4 Nc6 9. Be3 Bd7 10. a3 a6 11. Qd2 Rc8 12. Nxc6 Bxc6 13. f3 Re8 14. Rfd1 Qc7 15. Rac1 Qb8 16. a4 b6 17. b3 Nd7 18. Nd5 Nc5 19. Qb4 Bxd5 20. cxd5 a5 21. Qa3 Rc7 22. Bb5 Rec8 23. b4 axb4 24. Qxb4 Qa7 25. Rb1 Rb7 26. Bc6 Rbb8 27. Bd4 Bxd4+ 28. Qxd4 Qa5 29. Qb4 Qa7 30. Rd2 b5 31. Qd4 bxa4 0-1

[Event "Asti Alfieri Memorial 2nd"]
[Site "Asti"]
[Date "2007.03.24"]
[Round "4"]
[White "Quirico, Paolo"]
[Black "Grattarola, Fabio"]
[Result "1-0"]
[WhiteElo "2035"]
[BlackElo "2133"]
[PlyCount "81"]
[EventDate "2007.03.22"]
[EventType "swiss"]
[EventRounds "6"]
[EventCountry "ITA"]
[SourceTitle "EXT 2010"]
[Source "ChessBase"]
[SourceDate "2010.11.25"]
[SourceVersion "1"]
[SourceVersionDate "2010.11.25"]
[SourceQuality "1"]

1. d4 d5 2. Nf3 Nf6 3. Bf4 e6 4. e3 Bd6 5. Bg3 Ne4 6. Bxd6 Qxd6 7. c3 Nd7 8. Nbd2 f5 9. Bd3 0-0 10. Qe2 c6 11. h3 e5 12. Nxe5 Nxe5 13. dxe5 Qxe5 14. f4 Qe7 15. Nxe4 fxe4 16. Bc2 a5 17. g4 b6 18. Bd1 Qc5 19. Qd2 Ba6 20. Be2 Bxe2 21. Qxe2 a4 22. Qd2 Qb5 23. h4 Rad8 24. h5 c5 25. h6 d4 26. hxg7 Rf7 27. Qh2 Rxg7 28. Rd1 d3 29. Rd2 Qc4 30. Qh4 Rdd7 31. a3 b5 32. Qh5 Kf8 33. Qf5+ Rgf7 34. Qe5 Rfe7 35. Qf5+ Ke8 36. g5 Kd8 37. g6 hxg6 38. Rh8+ Kc7 39. Qxg6 Qa2 40. Qa6 Rd5 41. Rc8+ 1-0

[Event "Genova op 9th"]
[Site "Genova"]
[Date "2005.08.09"]
[Round "2"]
[White "Golia, Franco"]
[Black "Grattarola, Fabio"]
[Result "1-0"]
[WhiteElo "2139"]
[BlackElo "1994"]
[PlyCount "101"]
[EventDate "2005.08.08"]
[EventType "swiss"]
[EventRounds "9"]
[EventCountry "ITA"]
[SourceTitle "CBM 107 Extra"]
[Source "ChessBase"]
[SourceDate "2005.09.01"]
[SourceVersion "1"]
[SourceVersionDate "2005.09.01"]
[SourceQuality "1"]

1. d4 d5 2. Nf3 Nf6 3. c4 c6 4. cxd5 cxd5 5. Nc3 Nc6 6. Bf4 e6 7. e3 a6 8. Bd3 h6 9. h3 Bd6 10. Bxd6 Qxd6 11. 0-0 0-0 12. a3 b6 13. b4 Bb7 14. Qe2 b5 15. Rfc1 Rac8 16. Nd2 e5 17. dxe5 Qxe5 18. Nf3 Qd6 19. Qd1 Rfd8 20. Ne2 Ne5 21. Nxe5 Qxe5 22. Nd4 Ne4 23. Bxe4 dxe4 24. Rxc8 Rxc8 25. Rc1 Rxc1 26. Qxc1 Kh7 27. Nb3 f5 28. g3 h5 29. h4 Kh6 30. Nc5 Qd5 31. Kg2 Bc8 32. Kg1 Qc6 33. Qd2 Qf6 34. Nb3 g5 35. hxg5+ Kxg5 36. Qd4 Qf8 37. Qe5 Qf6 38. Qf4+ Kg6 39. Nd4 h4 40. Qc7 Qf8 41. gxh4 Qg8 42. Qg3+ Kh7 43. Qxg8+ Kxg8 44. Kg2 Kg7 45. Kg3 Kf6 46. Kf4 Bd7 47. h5 Be8 48. Nxf5 Bxh5 49. Ng3 Bg6 50. Nxe4+ Ke6 51. Nc5+ 1-0